| 000 | 00497nam a2200181Ia 4500 | ||
|---|---|---|---|
| 001 | 25304 | ||
| 005 | 20260414151141.0 | ||
| 008 | 260414t2015||||xx |||||||||||||| ||spa|| | ||
| 041 | _aESP | ||
| 082 |
_a346.45 _bC34 |
||
| 100 |
_aCastillo Freyre, Mario _eAUT |
||
| 245 | 0 |
_aLas garantías sobre bienes muebles : _bcomentarios críticos a la ley de la garantía mobiliaria |
|
| 260 | _c2015 | ||
| 300 |
_a319 páginas : _c24 cm. |
||
| 650 | _aDER | ||
| 654 | _aCDE | ||
| 942 |
_cLIB _dJUS _fJUS _2ddc _n |
||
| 999 |
_c25304 _d25304 |
||